00764nam a2200193 450000100060000000300080000600500170001400800410003103500140007204000320008604100080011808200250012624501960015126001060034730000290045365000270048265000360050970000250054566624BD-RjUL20211209081548.0170318s1966 nyu 000 0ceng  a(BD-RjUL) aDLCcDLCdICUdBD-RjULbeng aeng00a509.22223bGOL 196614aThe golden age of science :bthirty portraits of the giants of 19th-century scienceby their scientific contemporaries / c Edited by Bessie Zaban Jones, with an introd. by Everett Mendelsohn. aNew York :bSimon and Schuster, in cooperation with the Smithsonian Institution, Washington, cc1966. axxxiii, 659 p. ;c22 cm. 0aScientistsxBiography. 0aSciencexHistoryy19th century. aJones, Bessie Zaban